⚽Equipes battues par la France depuis 2000 - Statistiques

Statistiques générales
  • Ce quiz a été pris 127 fois
  • Le résultat moyen est 21 sur 26
Statistiques - réponses
Année de victoire Equipes battues % Correct
2018 Argentine
99%
2006 Brésil
94%
2000 / 2006 Espagne
94%
2000 / 2006 / 2024 Portugal
94%
2016 / 2020 Allemagne
93%
2004 / 2022 Angleterre
93%
2018 / 2024 Belgique
90%
2018 Croatie
90%
2000 / 2022 Danemark
90%
2000 Italie
90%
2022 Maroc
90%
2004 / 2014 Suisse
90%
2022 Pologne
84%
2018 / 2022 Australie
82%
2016 Irlande
82%
2016 Islande
81%
2018 Uruguay
81%
2018 Pérou
75%
2016 Roumanie
70%
2012 Ukraine
65%
2024 Autriche
64%
2014 Nigeria
62%
2016 Albanie
60%
2014 Honduras
53%
2000 République Tchèque
46%
2006 Togo
40%
Aucun quiz correspondant
Distribution des résultats
% des personnes avec chaque résultat
Percentile par nombre de réponses
Votre historique - résultats
Vous n’avez pas pris ce quiz